Tales for Young and Old (Record no. 239709)
[ view plain ]
| 000 -LEADER | |
|---|---|
| fixed length control field | 00898cam a22002293a 4500 |
| 001 - CONTROL NUMBER | |
| control field | 10454 |
| 003 - CONTROL NUMBER IDENTIFIER | |
| control field | PGUSA |
| 005 - DATE AND TIME OF LATEST TRANSACTION | |
| control field | 20140828083224.0 |
| 008 - FIXED-LENGTH DATA ELEMENTS--GENERAL INFORMATION | |
| fixed length control field | 031201s2003||||xxu|||||s|||||000 | eng d |
| 040 ## - CATALOGING SOURCE | |
| Original cataloging agency | PGUSA |
| Language of cataloging | eng |
| 042 ## - AUTHENTICATION CODE | |
| Authentication code | dc |
| 050 #4 - LIBRARY OF CONGRESS CALL NUMBER | |
| Classification number | PN |
| 245 10 - TITLE STATEMENT | |
| Title | Tales for Young and Old |
| Medium | [electronic resource] / |
| Statement of responsibility, etc | Various |
| 260 ## - PUBLICATION, DISTRIBUTION, ETC. (IMPRINT) | |
| Name of publisher, distributor, etc | Project Gutenberg, |
| Date of publication, distribution, etc | 2003 |
| 505 0# - FORMATTED CONTENTS NOTE | |
| Formatted contents note | The bride's journey -- The home-wreck -- Love at first sight -- Lucy Fennel -- Billy Egg -- The pledge redeemed -- The tree and the forest -- The three friends -- The artist's daughter -- The blind man of Argenteuil -- The bridal wreath -- The Duke of Normandy -- Dutch Anna -- The locksmith of Philadelphia. |
| 506 ## - RESTRICTIONS ON ACCESS NOTE | |
| Terms governing access | Public domain in the USA. |
| 516 ## - TYPE OF COMPUTER FILE OR DATA NOTE | |
| Type of computer file or data note | Electronic text |
| 653 ## - INDEX TERM--UNCONTROLLED | |
| Uncontrolled term | Short stories |
| 830 #0 - SERIES ADDED ENTRY--UNIFORM TITLE | |
| Uniform title | Project Gutenberg |
| Volume number/sequential designation | 10454 |
| 856 40 - ELECTRONIC LOCATION AND ACCESS | |
| Uniform Resource Identifier | <a href="http://www.gutenberg.org/ebooks/10454">http://www.gutenberg.org/ebooks/10454</a> |
| 942 ## - ADDED ENTRY ELEMENTS (KOHA) | |
| Koha item type | eBooks |
| Withdrawn status | Lost status | Damaged status | Home library | Current library | Date acquired | Total Checkouts | Date last seen | Price effective from | Koha item type |
|---|---|---|---|---|---|---|---|---|---|
| Project Gutenberg | Project Gutenberg | 08/28/2014 | 08/28/2014 | 08/28/2014 | eBooks |